000 00427nam a2200157Ia 4500
003 GCL
008 140319s9999 xx 000 0 eng d
040 _aGCL /
_cGCL
082 0 4 _aCH
_b569
_bB G
100 1 _aBAILEY, JASEPH H.
245 1 0 _aGIANTS FROM THE PAST /
_cBAILEY, JASEPH H.
260 _a[S.N] :
_bTHE NATIONAL GEOGRAPHIC SOCIETY
650 0 4 _aMAMMALS FOSSIL
650 0 4 _aEXTINCT ANIMALS FOSSILS
942 _2ddc
_cBK
999 _c25580
_d25580